000 05690cam a22019334i 4500
003 PE-LiUPU
005 20250813165954.0
008 150706s2012 sp a rb 000 0 spa d
020 _a9788415169031
035 _a(Sirsi) i9788415169031
040 _aPE-LiUPU
_bspa
_cPE-LiUPU
_erda
049 _aPRUA
082 0 4 _a611.8
_bH16
_221
100 1 _aHaines, Duane E.,
_eautor.
245 1 0 _aNeuroanatomía :
_batlas de estructuras, secciones y sistemas /
_cDuane E. Haines.
250 _a8a ed.
264 1 _aBarcelona :
_bLippincort Williams & Wilkins,
_c2012.
300 _a331 páginas :
_bilustraciones ;
_c30 centímetros.
336 _atext
_2rdacontent
337 _aunmediated
_2rdamedia
338 _avolume
_2rdacarrier
490 0 _aColección Atlas
500 _aTítulo original : Neuroanatomy. An atlas of structures sectios and system.
504 _aIncluye bibliografía.
505 0 _aIntroducción y guía del lector -- Morfología externa del sistema nervioso central -- Nervios craneales -- Meninges, cisternas, ventrículos y hemorragias relacionadas -- Morfología interna del encéfalo en cortes sin teñir y en RM -- Morfología interna de la médula espinal y el encéfalo en cortes teñidos -- Morfología interna del encéfalo en cortes teñidos -- Morfología interna del encéfalo en cortes teñidos: Correlación de los planes transversal (axial) y sagital con la RM -- Sinopsis de componentes, tractos, vías y sistemas funcionales: ejemplos en orientación anatómica y clínica -- Correlaciones anatomoclínicas: angiografía cerebral, angio, RM y flebo-RM -- Preguntas de estudio y repaso con respuestas razonables.
526 _aP203
526 _aP200
526 _aSEG65
526 _aSEG64
526 _aSEG63
526 _aSEG62
526 _aSEG61
526 _aSEG60
526 _aSEG59
526 _aSEG58
526 _aSEG57
526 _aSEG56
526 _aSEG55
526 _aSEG54
526 _aSEG53
526 _aSEG52
526 _aSEG51
526 _aSEG50
526 _aSEG49
526 _aSEG48
526 _aSEG47
526 _aSEG46
526 _aSEG24
526 _aSEG23
526 _aSEG22
526 _aSEG21
526 _aSEG20
526 _aSEG19
526 _aSEG18
526 _aSEG17
526 _aSEG16
526 _aSEG14
526 _aSEG13
526 _aSEG12
526 _aSEG11
526 _aSEG10
526 _aSEG09
526 _aSEG06
526 _aSEG05
526 _aSEG04
526 _aSEG03
526 _aSEG02
526 _aSEG68
526 _aSEG66
526 _aSEG45
526 _aSEG25
526 _aSEG01
526 _aP163
526 _aP162
526 _aP161
526 _aP160
526 _aP159
526 _aP158
526 _aP157
526 _aP156
526 _aP155
526 _aP154
526 _aP153
526 _aP152
526 _aP151
526 _aP150
526 _aP149
526 _aP142
526 _aP141
526 _aP140
526 _aP139
526 _aP138
526 _aP137
526 _aP132
526 _aP131
526 _aP130
526 _aP126
526 _aP125
526 _aP124
526 _aP123
526 _aP115
526 _aP122
526 _aP121
526 _aP116
526 _a P114
526 _aP112
526 _aP111
526 _aP104
526 _aP103
526 _aP102
526 _aP101
526 _aP100
526 _aP96
526 _aP95
526 _aP93
526 _aP92
526 _aP91
526 _aP88
526 _aP83
526 _aP82
526 _aP79
526 _aP78
526 _aP75
526 _aP74
526 _aP71
526 _aP69
526 _a P51
526 _aP49
526 _aP48
526 _aP47
526 _aP33
526 _aP31
526 _a P30
526 _aP29
526 _aP27
526 _aP26
526 _aP25
526 _aP24
526 _a P22
526 _aP10
526 _aP09
526 _a P08
526 _aP06
526 _aP05
526 _aP04
526 _aP01
541 _g001-000067;
541 _g001-000067;
541 _g002-0061486;
650 0 4 _aNeuroanatomía
_vatlas.
650 0 4 _aSistema nervioso.
650 0 4 _aNervios craneales .
650 0 4 _aNeurobiología .
700 1 _aCarreras Goicoechea, Elisabeth,
_etr.
910 _agl
_cng
_d20131216
942 _2ddc
_cBOOK
949 _a611.8 H16
_wDEWEY
_c1
_i69656
_lCCODEBUL1
_mBUL
_p72.00
_r0
_sY
_tBOOK
_u2015-7-6
_xSALUD
_PP30
_o.STAFF. Colección General
949 _a611.8 H16
_wDEWEY
_c2
_i69657
_lCCODEBUL1
_mBUL
_p72.00
_r0
_sY
_tBOOK
_u2015-7-6
_xSALUD
_PP30
_o.STAFF. Colección General
994 _aC0
_bPEPRU
596 _a1
999 _a611.8 H16
_wDEWEY
_c56287
_i69656
_d56287
_e2022-4-30
_f2021-11-3
_g5
_lCCODEBUL1
_mBUL
_n23
_p72.00
_q7
_r0
_sY
_tBOOK
_u2015-7-6
_xSALUD
_PP30
_0COMPRA
_o.STAFF. Colección Ciencias de la Salud
999 _a611.8 H16
_wDEWEY
_c2
_i69657
_d2022-6-15
_e2019-6-6
_f2021-11-3
_g5
_lCCODEBUL1
_mBUL
_n30
_p72.00
_q13
_r0
_sY
_tBOOK
_u2015-7-6
_xSALUD
_PP30
_0COMPRA
_o.STAFF. Colección Ciencias de la Salud
999 _a611.8 H16
_wDEWEY
_c3
_i72290
_d2022-7-1
_e2022-5-23
_f2021-11-3
_g5
_lCCODEBUL1
_mBUL
_n34
_p116.22
_q8
_r0
_sY
_tBOOK
_u2016-1-8
_xSALUD
_PP25
_0COMPRA
_o.CIRCNOTE. El documento es de alto precio
_o.STAFF. Colección General
980 _81
_gALBERTO SANCHEZ Responsable de Automatización